[Event "C.to Provinciale PD"]
[Site "ITA"]
[Date "2000.??.??"]
[Round "?"]
[White "Busa', Michele"]
[Black "Navarro, Tommaso"]
[WhiteElo "1564"]
[BlackElo "1482"]
[Result "1-0"]
[PlyCount "81"]
[EventDate "2000.??.??"]

1. Nf3 Nc6 2. d4 d5 3. g3 Nf6 4. Bg2 Bf5 5. Nbd2 e6 6. O-O Be7 7. c4 Nb4 8. Ne5
Bc2 9. Qe1 dxc4 10. Ndxc4 Qxd4 11. Be3 Qd8 12. Bxb7 Rb8 13. Bc6+ Kf8 14. Bxa7
Be4 15. Bxe4 Nxe4 16. Rd1 Qc8 17. Bxb8 f6 18. Nd7+ Kf7 19. Ba7 Qa6 20. Bc5 Nc2
21. Qa5 Qxa5 22. Nxa5 Nxc5 23. Nxc5 Bxc5 24. Rd7+ Kg6 25. Rxc7 Bb6 26. Rxc2
Bxa5 27. Rc6 Kf7 28. Rb1 Rb8 29. b3 Bb6 30. b4 Bd4 31. a4 Ke7 32. a5 Rb5 33.
Rc7+ Kd8 34. Rxg7 Be5 35. a6 Rb8 36. a7 Ra8 37. Rg8+ Kc7 38. Rxa8 Kb7 39. Re8
Kxa7 40. Rxe6 Kb7 41. Rd1 1-0

[Event "C.to Provinciale PD"]
[Site "ITA"]
[Date "2000.??.??"]
[Round "?"]
[White "Busa', Michele"]
[Black "Salata, Alessio"]
[WhiteElo "1564"]
[BlackElo "1558"]
[Result "1-0"]
[PlyCount "45"]
[EventDate "2000.??.??"]

1. Nf3 d5 2. g3 Nf6 3. Bg2 e6 4. d4 c5 5. c3 Nc6 6. O-O Be7 7. Re1 O-O 8. e4
dxe4 9. Ng5 cxd4 10. cxd4 Nxd4 11. Qa4 Qb6 12. Be3 e5 13. Nc3 Bd7 14. Qd1 Bc5
15. Ngxe4 Nxe4 16. Nxe4 Bb4 17. Nc3 Bc6 18. Bxc6 Qxc6 19. Bxd4 Rad8 20. Rxe5
Bxc3 21. bxc3 Rc8 22. Qg4 Qa4 23. Ra5 1-0

[Event "C.to Provinciale PD"]
[Site "ITA"]
[Date "2000.??.??"]
[Round "?"]
[White "Busa', Michele"]
[Black "Zotti, Enrico"]
[Result "0-1"]
[WhiteElo "1564"]
[BlackElo "1704"]
[PlyCount "72"]
[EventDate "2000.??.??"]

1. Nf3 Nf6 2. g3 d6 3. d4 g6 4. Bg2 Bg7 5. O-O O-O 6. c4 Nbd7 7. Nc3 e5 8. d5
h6 9. e4 Kh7 10. h3 Nc5 11. Ne1 a5 12. a4 Nfd7 13. Be3 f5 14. exf5 gxf5 15. Nd3
Nxd3 16. Qxd3 e4 17. Qd1 Ne5 18. b3 Bd7 19. Ra2 Nf3+ 20. Bxf3 Bxc3 21. Bg2 Qf6
22. Qc1 Rae8 23. Bxh6 Qxh6 24. Qxc3 f4 25. gxf4 Rg8 26. Kh1 Qxf4 27. Qe3 Qh4
28. Kh2 Re5 29. f4 exf3 30. Qxf3 Bf5 31. Qf4 Qh5 32. Rf3 Rg4 33. Qc1 Rxg2+ 34.
Rxg2 Qxf3 35. Qg5 Qxh3+ 36. Kg1 Qe3+ 0-1

[Event "C.to Provinciale PD"]
[Site "ITA"]
[Date "2000.??.??"]
[Round "?"]
[White "Di Giacomo, Antonio"]
[Black "Salata, Alessio"]
[Result "1/2-1/2"]
[WhiteElo "1666"]
[BlackElo "1558"]
[PlyCount "48"]
[EventDate "2000.??.??"]

1. d4 d5 2. Nf3 Nf6 3. e3 c6 4. Bd3 Bg4 5. Nbd2 e6 6. c3 Bd6 7. Qc2 Nbd7 8. b3
O-O 9. a4 Rc8 10. O-O c5 11. c4 cxd4 12. exd4 e5 13. dxe5 Nxe5 14. Nxe5 Bxe5
15. Bb2 dxc4 16. Bxc4 Re8 17. Bxe5 Rxe5 18. Qb2 Qe7 19. Rfc1 Re8 20. Qc3 Be2
21. Re1 Qd6 22. Rxe2 Rxe2 23. Bxe2 Rxe2 24. Nf3 h6 1/2-1/2

[Event "C.to Provinciale PD"]
[Site "ITA"]
[Date "2000.??.??"]
[Round "?"]
[White "Di Giacomo, Antonio"]
[Black "Sinato, Fabrizio"]
[Result "0-1"]
[WhiteElo "1666"]
[BlackElo "1740"]
[PlyCount "128"]
[EventDate "2000.??.??"]

1. d4 d5 2. Nf3 e6 3. e3 Nf6 4. Bd3 c5 5. c3 Nc6 6. Nbd2 cxd4 7. cxd4 Be7 8.
O-O O-O 9. Re1 b6 10. e4 Nb4 11. Bb1 dxe4 12. Nxe4 Nbd5 13. Nxf6+ Nxf6 14. Qd3
h6 15. Ne5 Qd5 16. Ng4 Qf5 17. Nxh6+ gxh6 18. Qxf5 exf5 19. Rxe7 Be6 20. Bf4
Nd5 21. Rxe6 fxe6 22. Bxh6 Rfc8 23. Bd3 Kf7 24. g3 Rc7 25. a3 Rd8 26. h4 Nf6
27. Be3 Nd5 28. Bg5 Ne7 29. Be3 e5 30. Be2 exd4 31. Rd1 Rcd7 32. Bb5 Rd5 33.
Bc4 dxe3 34. fxe3 Kf6 35. Bxd5 Rxd5 36. Rc1 Rc5 37. Rd1 Ke6 38. Kf2 Rc2+ 39.
Kf3 Nd5 40. Rh1 Ke5 41. g4 fxg4+ 42. Kxg4 Nxe3+ 43. Kf3 Nf5 44. h5 Rc6 45. Kg4
Nh6+ 46. Kg5 Nf7+ 47. Kg4 Rc4+ 48. Kf3 Nh6 49. Rg1 Rf4+ 50. Ke3 Nf5+ 51. Kd3
Rh4 52. Rc1 Rxh5 53. Rc7 Rh3+ 54. Kd2 a6 55. Ra7 a5 56. Rb7 Rh6 57. Kc3 Kd5 58.
Kb3 Kc6 59. Rb8 Rh3+ 60. Ka4 Nd6 61. b4 b5+ 62. Rxb5 Nxb5 63. bxa5 Rxa3+ 64.
Kb4 Ra1 0-1

[Event "C.to Provinciale PD"]
[Site "ITA"]
[Date "2000.??.??"]
[Round "?"]
[White "Marcuzzo, Giorgio"]
[Black "Di Giacomo, Antonio"]
[Result "0-1"]
[WhiteElo "1492"]
[BlackElo "1666"]
[PlyCount "160"]
[EventDate "2000.??.??"]

1. e4 d5 2. exd5 Qxd5 3. Nc3 Qa5 4. Bc4 Nf6 5. d3 Bg4 6. f3 Bd7 7. Bd2 Qe5+ 8.
Qe2 Qxe2+ 9. Ngxe2 c6 10. O-O-O e6 11. h4 a5 12. d4 a4 13. g4 b5 14. Bd3 Na6
15. g5 Nd5 16. Nxd5 cxd5 17. Nc3 Nc7 18. Bf4 b4 19. Bxc7 bxc3 20. bxc3 Ba3+ 21.
Kd2 O-O 22. Rb1 Rfc8 23. Be5 Bf8 24. h5 Be8 25. Rb7 Bc6 26. Rbb1 Be7 27. Rbg1
Be8 28. Rg2 Bd8 29. Rhg1 Bc7 30. g6 hxg6 31. hxg6 f5 32. Re2 Bd7 33. Rb1 Rab8
34. Rb4 Bxe5 35. Rxe5 Rxb4 36. cxb4 Rb8 37. c3 Rb6 38. a3 Be8 39. Bxf5 Bd7 40.
Bd3 Kf8 41. f4 Ke7 42. f5 Kf6 43. fxe6 Bxe6 44. Bc2 Ra6 45. Bd3 Ra8 46. Rh5 Rd8
47. Rh1 Rd6 48. Rc1 Rd8 49. Ke3 Rh8 50. Rf1+ Ke7 51. Bc2 Bd7 52. Bf5 Bb5 53.
Rf2 Rh4 54. Bc2 Be8 55. Bd3 Rh1 56. Rf1 Rh3+ 57. Rf3 Rh1 58. c4 Ra1 59. c5 Rxa3
60. Kf4 Bb5 61. Bc2 Rxf3+ 62. Kxf3 a3 63. Bb1 Bd3 64. Ba2 Bc4 65. Bb1 Kd7 66.
Kf4 a2 67. Bxa2 Bxa2 68. Ke5 Bc4 69. b5 Bxb5 70. Kxd5 Bd3 71. Ke5 Bxg6 72. d5
Bf7 73. Ke4 Ke7 74. Ke5 Kd7 75. Ke4 Bg6+ 76. Ke5 Bd3 77. c6+ Kc7 78. Ke6 Bf1
79. d6+ Kxc6 80. Kf7 g5 0-1

[Event "C.to Provinciale PD"]
[Site "ITA"]
[Date "2000.??.??"]
[Round "?"]
[White "Marcuzzo, Giorgio"]
[Black "Musiani, Carlo"]
[WhiteElo "1492"]
[BlackElo "1500"]
[Result "1-0"]
[PlyCount "57"]
[EventDate "2000.??.??"]

1. e4 c5 2. Nc3 d6 3. f4 Nc6 4. Nf3 Bg4 5. g3 Nf6 6. Bg2 g6 7. d3 Bg7 8. O-O
O-O 9. Be3 Qd7 10. Qd2 a6 11. e5 Ne8 12. Rae1 Nc7 13. exd6 exd6 14. Ng5 b5 15.
Nd1 Bxd1 16. Rxd1 Bxb2 17. c3 Ba3 18. Qf2 c4 19. d4 d5 20. f5 Qxf5 21. Qxf5
gxf5 22. Rxf5 Ne7 23. Rf6 Ng6 24. Rdf1 Nh8 25. Rh6 Be7 26. Nxh7 Rfe8 27. Bf4
Ne6 28. Be5 Ng6 29. Bxd5 1-0

[Event "C.to Provinciale PD"]
[Site "ITA"]
[Date "2000.??.??"]
[Round "?"]
[White "Marcuzzo, Giorgio"]
[Black "Navarro, Tommaso"]
[WhiteElo "1492"]
[BlackElo "1482"]
[Result "1-0"]
[PlyCount "73"]
[EventDate "2000.??.??"]

1. e4 e5 2. Nf3 Nc6 3. Bb5 a6 4. Ba4 Nf6 5. O-O b5 6. Bb3 d6 7. h3 Nxe4 8. Bd5
Qd7 9. Bxe4 d5 10. Re1 dxe4 11. Nxe5 Nxe5 12. Rxe4 Qd5 13. Nc3 Qd8 14. d4 Bb7
15. Rxe5+ Be7 16. Qe2 f6 17. Re6 b4 18. Na4 Kf7 19. Re3 g6 20. Bd2 Re8 21. Re1
a5 22. Nc5 Bxc5 23. Rxe8 Qxe8 24. Qc4+ Kg7 25. Rxe8 Rxe8 26. Qxc5 Kf7 27. Qxc7+
Re7 28. Qxa5 Be4 29. Bxb4 Rd7 30. Qc5 Ke6 31. c4 h5 32. d5+ Ke5 33. f3 f5 34.
Bc3+ Kf4 35. fxe4 fxe4 36. Qf2+ Kg5 37. Bd2+ 1-0

[Event "C.to Provinciale PD"]
[Site "ITA"]
[Date "2000.??.??"]
[Round "?"]
[White "Musiani, Carlo"]
[Black "Quaranta, Cristiano"]
[WhiteElo "1500"]
[BlackElo "1561"]
[Result "0-1"]
[PlyCount "46"]
[EventDate "2000.??.??"]

1. e4 c5 2. Nf3 e6 3. d4 cxd4 4. Nxd4 a6 5. Nc3 Qc7 6. Be2 Nf6 7. Be3 Bb4 8.
Qd3 Nxe4 9. Bd2 Nxd2 10. Qxd2 O-O 11. Bf3 d5 12. Nde2 Nd7 13. h4 Ne5 14. O-O-O
Bc5 15. Nd4 Bd7 16. Be2 Qb6 17. f4 Nc4 18. Bxc4 dxc4 19. Rhe1 Rad8 20. Nf3 Bc6
21. Qe2 Qc7 22. Qxc4 Bxf3 23. Rxd8 Rxd8 0-1

[Event "C.to Provinciale PD"]
[Site "ITA"]
[Date "2000.??.??"]
[Round "?"]
[White "Musiani, Carlo"]
[Black "Quaranta, Gaetano"]
[WhiteElo "1500"]
[BlackElo "1504"]
[Result "1-0"]
[PlyCount "63"]
[EventDate "2000.??.??"]

1. e4 e5 2. Nf3 Nc6 3. Bc4 Nf6 4. Nc3 Bb4 5. O-O Bxc3 6. dxc3 Nxe4 7. Re1 Nf6
8. Nxe5 O-O 9. Nxc6 bxc6 10. Bg5 d5 11. Bd3 h6 12. Bh4 Qd6 13. h3 Rb8 14. Bg3
Qc5 15. Rb1 Be6 16. Bxc7 Rb7 17. Be5 Nd7 18. Bd4 Qe7 19. Ba6 Rc7 20. Qf3 Nc5
21. Qg3 f6 22. Bxc5 Qxc5 23. Qxc7 Bf7 24. Bb7 Be8 25. Re7 Bf7 26. Bxc6 Qc4 27.
Rbe1 d4 28. Rxf7 Rxf7 29. Re8+ Rf8 30. Rxf8+ Kxf8 31. Qd8+ Kf7 32. Qe8# 1-0

[Event "C.to Provinciale PD"]
[Site "ITA"]
[Date "2000.??.??"]
[Round "?"]
[White "Navarro, Tommaso"]
[Black "Musiani, Carlo"]
[WhiteElo "1482"]
[BlackElo "1500"]
[Result "1/2-1/2"]
[PlyCount "78"]
[EventDate "2000.??.??"]

1. d4 Nf6 2. Nf3 b6 3. e3 Bb7 4. c3 d5 5. Bd3 Nbd7 6. O-O e6 7. Nbd2 c5 8. b3
Bd6 9. Qc2 e5 10. e4 Qc7 11. Re1 O-O 12. Bb2 Ng4 13. exd5 g6 14. Bb5 cxd4 15.
Bxd7 Qxd7 16. cxd4 exd4 17. Bxd4 Bxd5 18. Qb2 Bc5 19. Ne5 Qf5 20. Bxc5 bxc5 21.
Ndf3 f6 22. h3 Nxe5 23. Nxe5 fxe5 24. Rxe5 Qf7 25. Rae1 Rae8 26. Qd2 Rxe5 27.
Rxe5 Rd8 28. h4 Kh8 29. Qc3 Qf6 30. Qe3 Qxh4 31. Re8+ Rxe8 32. Qxe8+ Kg7 33.
Qe5+ Kh6 34. Qxd5 Qd4 35. Qxd4 cxd4 36. Kf1 Kg5 37. Ke2 Kf5 38. Kd3 Ke5 39. a4
h5 1/2-1/2

[Event "C.to Provinciale PD"]
[Site "ITA"]
[Date "2000.??.??"]
[Round "?"]
[White "Navarro, Tommaso"]
[Black "Quaranta, Gaetano"]
[WhiteElo "1482"]
[BlackElo "1504"]
[Result "0-1"]
[PlyCount "60"]
[EventDate "2000.??.??"]

1. e4 e5 2. Nf3 Nc6 3. Bc4 Nf6 4. Nc3 Bb4 5. d3 d5 6. exd5 Nxd5 7. Bd2 Nxc3 8.
bxc3 Bd6 9. O-O Na5 10. Bb3 Nxb3 11. cxb3 O-O 12. Re1 Bg4 13. h3 Bh5 14. g4 Bg6
15. Bc1 Re8 16. Bb2 e4 17. dxe4 Bxe4 18. c4 Qd7 19. Qd4 f5 20. Ng5 c5 21. Qd2
Bh2+ 22. Kxh2 Qxd2 23. Nxe4 fxe4 24. Ba3 Qxf2+ 25. Kh1 Rad8 26. Rf1 Qh4 27.
Bxc5 Rd2 28. Bf2 Qxh3+ 29. Kg1 Qxg4+ 30. Kh2 Re6 0-1

[Event "C.to Provinciale PD"]
[Site "ITA"]
[Date "2000.??.??"]
[Round "?"]
[White "Quaranta, Cristiano"]
[Black "Di Giacomo, Antonio"]
[Result "1/2-1/2"]
[WhiteElo "1561"]
[BlackElo "1666"]
[PlyCount "123"]
[EventDate "2000.??.??"]

1. e4 e5 2. Nf3 Nf6 3. Nxe5 d6 4. Nf3 Nxe4 5. d4 d5 6. Be3 Be7 7. Be2 O-O 8.
O-O Nd7 9. Nbd2 Ndf6 10. h3 Be6 11. c3 Re8 12. Qb3 Rb8 13. Rac1 b5 14. Ne5 Nxd2
15. Bxd2 Bd7 16. Bf3 c6 17. Bf4 Rc8 18. Rfe1 Be6 19. Qd1 Nd7 20. Bg4 Bxg4 21.
Qxg4 Nxe5 22. Bxe5 Bf8 23. Rcd1 Re6 24. Bg3 Qe7 25. Rxe6 Qxe6 26. Qxe6 fxe6 27.
Re1 Kf7 28. Kf1 c5 29. Be5 b4 30. Re3 Be7 31. Ke2 a5 32. Kd3 Bf6 33. Bxf6 c4+
34. Kd2 gxf6 35. Rg3 Rb8 36. Kc1 h5 37. h4 a4 38. cxb4 Rxb4 39. Ra3 e5 40. dxe5
fxe5 41. Rf3+ Ke6 42. a3 Rb7 43. Rg3 d4 44. Rg5 Rf7 45. f3 Rh7 46. Rg6+ Kd5 47.
Ra6 Rg7 48. Ra5+ Ke6 49. Rxa4 Rxg2 50. Rxc4 Rf2 51. Rc6+ Kd5 52. Rf6 Kc4 53.
Rf5 Kd3 54. b4 Ra2 55. Rxh5 Rxa3 56. Rxe5 Kc4 57. f4 Kxb4 58. f5 Rf3 59. h5 Kc3
60. Kd1 d3 61. Ke1 Kd4 62. Re7 1/2-1/2

[Event "C.to Provinciale PD"]
[Site "ITA"]
[Date "2000.??.??"]
[Round "?"]
[White "Quaranta, Cristiano"]
[Black "Zotti, Enrico"]
[Result "0-1"]
[WhiteElo "1561"]
[BlackElo "1704"]
[PlyCount "68"]
[EventDate "2000.??.??"]

1. e4 c5 2. c3 d6 3. d4 cxd4 4. cxd4 Nf6 5. Nc3 g6 6. Nf3 Bg7 7. Bc4 O-O 8. Be3
Bg4 9. O-O Nc6 10. h3 Bxf3 11. Qxf3 Rc8 12. Bb3 Nd7 13. Rfd1 Qa5 14. Rac1 b5
15. Ne2 Qa6 16. Nf4 Nf6 17. Nd5 Nxd5 18. Bxd5 Nxd4 19. Bxd4 Rxc1 20. Rxc1 Bxd4
21. Rc7 e6 22. Qd3 Bxf2+ 23. Kxf2 Qb6+ 24. Kf1 Qxc7 25. Bb3 Qc5 26. Ke2 Rc8 27.
Kf3 a5 28. g4 a4 29. Bd1 Qe5 30. Qd2 Rc4 31. Qe2 d5 32. exd5 Rf4+ 33. Kg2 Qxd5+
34. Kh2 Rd4 0-1

[Event "C.to Provinciale PD"]
[Site "ITA"]
[Date "2000.??.??"]
[Round "?"]
[White "Quaranta, Gaetano"]
[Black "Sinato, Fabrizio"]
[Result "0-1"]
[WhiteElo "1504"]
[BlackElo "1740"]
[PlyCount "108"]
[EventDate "2000.??.??"]

1. d4 d5 2. c4 e6 3. Nc3 Bb4 4. a3 Bxc3+ 5. bxc3 Nf6 6. Nf3 O-O 7. Bg5 c5 8. e3
Qa5 9. Bxf6 Qxc3+ 10. Nd2 gxf6 11. dxc5 dxc4 12. Bxc4 Rd8 13. Rc1 Qa5 14. Rc2
Nc6 15. O-O Ne5 16. Qc1 Nxc4 17. Nxc4 Qxc5 18. Qb2 Qg5 19. Rfc1 b6 20. Nd6 Rxd6
21. Rxc8+ Rxc8 22. Rxc8+ Kg7 23. Qc1 Qd5 24. g3 Qh5 25. Kg2 Qd5+ 26. Kh3 Qf3
27. Rc4 Rd5 28. Rg4+ Rg5 29. Rxg5+ fxg5 30. Qb2+ Kg6 31. Qe5 Qf5+ 32. Qxf5+
Kxf5 33. g4+ Ke4 34. Kg3 b5 35. Kg2 a5 36. Kf1 b4 37. axb4 axb4 38. Ke2 b3 39.
f3+ Kd5 40. Kd3 b2 41. Kc2 Kc4 42. f4 b1=Q+ 43. Kxb1 Kd3 44. Kc1 Kxe3 45. fxg5
Kf4 46. h3 Kxg5 47. Kd2 Kh4 48. Ke3 Kxh3 49. Kf3 e5 50. g5 Kh4 51. Ke4 Kxg5 52.
Kxe5 h5 53. Ke4 Kg4 54. Ke3 Kg3 0-1

[Event "C.to Provinciale PD"]
[Site "ITA"]
[Date "2000.??.??"]
[Round "?"]
[White "Salata, Alessio"]
[Black "Quaranta, Cristiano"]
[WhiteElo "1558"]
[BlackElo "1561"]
[Result "1-0"]
[PlyCount "185"]
[EventDate "2000.??.??"]

1. d4 d5 2. Nf3 Nf6 3. e3 Bf5 4. c4 e6 5. Nc3 Be7 6. Be2 O-O 7. O-O c6 8. Nh4
Bg6 9. Nxg6 hxg6 10. Qc2 Nbd7 11. c5 e5 12. Bd2 Re8 13. b4 Bf8 14. a4 Qc7 15.
f3 Re7 16. b5 Rae8 17. Bd3 exd4 18. exd4 Nh5 19. Rfe1 Nf4 20. Rxe7 Rxe7 21. Bf1
Re8 22. Re1 Rxe1 23. Bxe1 Ne6 24. Qd1 Be7 25. a5 Qf4 26. Bf2 Bf6 27. Ne2 Qb8
28. Qa4 Qc8 29. Nc3 Ndf8 30. Qb4 Nd8 31. a6 Nfe6 32. b6 axb6 33. Qxb6 bxa6 34.
Bxa6 Qc7 35. Ne2 Qxb6 36. cxb6 Nf8 37. Bc8 Be7 38. Bg3 c5 39. b7 Nxb7 40. Bxb7
cxd4 41. Nxd4 Ne6 42. Nxe6 fxe6 43. Kf1 Kf7 44. Ke2 Bc5 45. Be5 Bg1 46. h4 Bc5
47. g4 Be7 48. h5 Bg5 49. Bc8 gxh5 50. gxh5 Bh6 51. Kd3 Ke7 52. Kd4 Kf7 53. Kc5
g6 54. hxg6+ Kxg6 55. Bxe6 Bc1 56. Bxd5 Bd2 57. Kd6 Bc1 58. Ke6 Kg5 59. Be4 Bd2
60. Bf6+ Kf4 61. Kf7 Bb4 62. Kg6 Bd6 63. Bg5+ Kg3 64. Kf5 Bb8 65. Bf6 Ba7 66.
Be5+ Kh4 67. Bd3 Kh5 68. Ke4 Kg5 69. f4+ Kg6 70. f5+ Kf7 71. Kd5 Be3 72. Bc4
Bg5 73. Kd6+ Ke8 74. Ke6 Kd8 75. Bf6+ Bxf6 76. Kxf6 Ke8 77. Kg7 Ke7 78. f6+ Kd6
79. f7 Kc5 80. Ba2 Kb4 81. f8=Q+ Kc3 82. Kf6 Kd4 83. Kf5 Ke3 84. Qc5+ Kd3 85.
Qc4+ Ke3 86. Ke5 Kf3 87. Qe4+ Kg3 88. Kf5 Kf2 89. Kf4 Kf1 90. Bc4+ Kf2 91. Qe3+
Kg2 92. Qf3+ Kh2 93. Qg3+ 1-0

[Event "C.to Provinciale PD"]
[Site "ITA"]
[Date "2000.??.??"]
[Round "?"]
[White "Salata, Alessio"]
[Black "Zotti, Enrico"]
[Result "1-0"]
[WhiteElo "1558"]
[BlackElo "1704"]
[PlyCount "43"]
[EventDate "2000.??.??"]

1. d4 Nf6 2. Nf3 e6 3. e3 d5 4. Bd3 Be7 5. O-O O-O 6. Nbd2 Nbd7 7. Re1 c6 8. c3
h6 9. e4 dxe4 10. Nxe4 Nxe4 11. Rxe4 Nf6 12. Rh4 Nh7 13. Rh5 f5 14. Ne5 Qe8 15.
Qf3 Bf6 16. Nc4 Qg6 17. Bf4 Ng5 18. Bxg5 hxg5 19. g4 fxg4 20. Bxg6 gxf3 21. Nd6
Rd8 22. Nf7 1-0

[Event "C.to Provinciale PD"]
[Site "ITA"]
[Date "2000.??.??"]
[Round "?"]
[White "Sinato, Fabrizio"]
[Black "Busa', Michele"]
[Result "1-0"]
[WhiteElo "1740"]
[BlackElo "1564"]
[PlyCount "103"]
[EventDate "2000.??.??"]

1. e4 g6 2. d4 Bg7 3. Nc3 d6 4. f4 Nf6 5. Nf3 O-O 6. Bd3 c5 7. O-O a6 8. Qe1
Nbd7 9. e5 Ne8 10. e6 Nb6 11. exf7+ Rxf7 12. dxc5 dxc5 13. Be3 Bf5 14. Rd1 Bxd3
15. Rxd3 Qc7 16. Ng5 Bxc3 17. Qxc3 Rf5 18. Rfd1 Qc6 19. g4 Nd5 20. Qxc5 Nxe3
21. Qxc6 bxc6 22. Rxe3 Rxf4 23. h3 h6 24. Ne6 Rc4 25. c3 Nd6 26. b3 Re4 27.
Rxe4 Nxe4 28. c4 Nc3 29. Rd2 Ra7 30. Kg2 Kf7 31. Nd8+ Kf6 32. Nxc6 Rc7 33. Nb4
a5 34. Nd5+ Nxd5 35. Rxd5 a4 36. Kf3 axb3 37. axb3 Rb7 38. Rb5 Rd7 39. h4 Rd4
40. c5 e5 41. c6 Rd3+ 42. Ke2 Rc3 43. Rb6 Ke6 44. b4 Kd6 45. b5 Rc4 46. Rb7
Rxg4 47. Rd7+ Ke6 48. b6 Rb4 49. b7 g5 50. hxg5 hxg5 51. Rd3 Rb2+ 52. Kf3 1-0

[Event "C.to Provinciale PD"]
[Site "ITA"]
[Date "2000.??.??"]
[Round "?"]
[White "Sinato, Fabrizio"]
[Black "Marcuzzo, Giorgio"]
[Result "1-0"]
[WhiteElo "1740"]
[BlackElo "1492"]
[PlyCount "59"]
[EventDate "2000.??.??"]

1. e4 d6 2. d4 Nf6 3. Nc3 Nbd7 4. f4 e5 5. Nf3 exd4 6. Nxd4 c6 7. Bd3 g6 8. O-O
Bg7 9. Nf3 O-O 10. Be3 Ng4 11. Bd4 Bxd4+ 12. Nxd4 Qb6 13. Qxg4 Qxd4+ 14. Kh1
Ne5 15. Qg3 Nxd3 16. Rad1 Be6 17. Rxd3 Qc5 18. b3 f5 19. Rfd1 Rad8 20. e5 d5
21. Ne2 Rd7 22. Nd4 Qe7 23. c3 Kh8 24. b4 Rg8 25. Qf2 g5 26. Rg3 gxf4 27. Rxg8+
Kxg8 28. Qxf4 Qf7 29. Rd3 Rd8 30. Qg5+ 1-0

[Event "C.to Provinciale PD"]
[Site "ITA"]
[Date "2000.??.??"]
[Round "?"]
[White "Sinato, Fabrizio"]
[Black "Salata, Alessio"]
[Result "1-0"]
[WhiteElo "1740"]
[BlackElo "1558"]
[PlyCount "45"]
[EventDate "2000.??.??"]

1. e4 e6 2. d4 d5 3. Nd2 dxe4 4. Nxe4 Nf6 5. Nxf6+ Qxf6 6. Nf3 h6 7. Bd3 Nc6 8.
O-O Bd6 9. c3 Bd7 10. Re1 Ne7 11. Ne5 O-O-O 12. b4 g5 13. b5 Ng6 14. Qa4 c6 15.
bxc6 Nxe5 16. dxe5 Bxc6 17. Qxc6+ bxc6 18. Ba6+ Kd7 19. exf6 Rb8 20. Be3 e5 21.
Rad1 Ke6 22. Bc4+ Kd7 23. Bc5 1-0

[Event "C.to Provinciale PD"]
[Site "ITA"]
[Date "2000.??.??"]
[Round "?"]
[White "Zotti, Enrico"]
[Black "Musiani, Carlo"]
[Result "1-0"]
[WhiteElo "1704"]
[BlackElo "1500"]
[PlyCount "41"]
[EventDate "2000.??.??"]

1. e4 c5 2. Nf3 d6 3. d4 cxd4 4. Nxd4 Nf6 5. Nc3 a6 6. f4 e6 7. a4 Nc6 8. Nxc6
bxc6 9. a5 Qc7 10. Bd3 Bb7 11. O-O Be7 12. Rf3 c5 13. Qe2 d5 14. exd5 exd5 15.
b3 d4 16. Ne4 O-O 17. Nxf6+ Bxf6 18. Bxh7+ Kh8 19. Rh3 Rad8 20. Bg6+ Kg8 21.
Rh8+ 1-0

[Event "C.to Provinciale PD"]
[Site "ITA"]
[Date "2000.??.??"]
[Round "?"]
[White "Zotti, Enrico"]
[Black "Quaranta, Gaetano"]
[Result "1-0"]
[WhiteElo "1704"]
[BlackElo "1504"]
[PlyCount "75"]
[EventDate "2000.??.??"]

1. e4 e5 2. Nf3 Nc6 3. Bb5 a6 4. Ba4 Nf6 5. O-O Be7 6. Re1 b5 7. Bb3 O-O 8. c3
d5 9. exd5 Nxd5 10. Nxe5 Nxe5 11. Rxe5 Nf6 12. Rxe7 Qxe7 13. d4 Re8 14. Kf1 Ng4
15. Bf4 Bb7 16. Nd2 Qh4 17. Bg3 Qh5 18. h3 Nf6 19. Qxh5 Nxh5 20. Bxc7 Rac8 21.
Be5 Rcd8 22. Nf3 Bxf3 23. gxf3 Kf8 24. Re1 g6 25. Re4 f6 26. Bc7 Rd7 27. Bb6
Rxe4 28. fxe4 Nf4 29. d5 Nd3 30. c4 Nxb2 31. c5 Rb7 32. c6 Rb8 33. c7 Rc8 34.
d6 Ke8 35. Be6 Na4 36. Bd4 Ra8 37. d7+ Ke7 38. c8=Q 1-0

[Event "C.to Provinciale PD"]
[Site "ITA"]
[Date "2000.??.??"]
[Round "?"]
[White "Zotti, Enrico"]
[Black "Sinato, Fabrizio"]
[Result "1-0"]
[WhiteElo "1704"]
[BlackElo "1740"]
[PlyCount "85"]
[EventDate "2000.??.??"]

1. e4 c5 2. Nf3 d6 3. d4 cxd4 4. Nxd4 Nf6 5. Nc3 a6 6. f4 Qc7 7. Be2 Nc6 8.
Nxc6 bxc6 9. O-O e6 10. Bd3 Bb7 11. Qe2 Be7 12. Kh1 O-O 13. e5 Nd5 14. Nxd5
cxd5 15. Bd2 Rfe8 16. Bc3 g6 17. Bd4 Bf8 18. h4 Bg7 19. h5 Qe7 20. Qg4 dxe5 21.
fxe5 g5 22. h6 Bh8 23. Rf3 Rac8 24. Raf1 f5 25. exf6 Qf7 26. Qxg5+ Kf8 27. Qe5
Red8 28. Rg3 Ke8 29. Rg7 Bxg7 30. fxg7 Qxf1+ 31. Bxf1 Kd7 32. Bd3 Bc6 33. Bxh7
Bb5 34. Bd3 Bxd3 35. cxd3 a5 36. h7 a4 37. h8=Q a3 38. bxa3 Ke7 39. Qh4+ Kd7
40. Bb6 Rg8 41. Qa4+ Rc6 42. Qc7+ Ke8 43. Qaxc6# 1-0